| 000 | 00816nam a2200229 a 4500 | ||
|---|---|---|---|
| 001 | 000024747 | ||
| 005 | 20200930023338.0 | ||
| 008 | 110203s1969 sp r 000 0 spa d | ||
| 040 |
_aDO-SdBNP _bspa _cBNPHU |
||
| 041 | 1 | 7 |
_aspa _hfre _2Código de idiomas MARC |
| 082 |
_ann* _bnn* |
||
| 100 | 1 |
_aQuoist, Michel, _d1914-1997 _942294 |
|
| 240 | 1 | 0 |
_aDonner ou le journal d´Anne-Marie. _lEspañol |
| 245 | 1 | 0 |
_aDar : _bel diario de Ana María / _cMichel Quoist ; traducción de Ramón Sans Vila. |
| 250 | _a12a ed. | ||
| 260 |
_aBarcelona : _bHerder, _c1969. |
||
| 300 |
_a333 p. ; _c20 cm. |
||
| 534 |
_aEdición original francesa : _tDonner ou le journal d´Anne-Marie |
||
| 500 | _aIncluye referencias bibliográficas y notas al pie de las páginas. | ||
| 700 | 1 |
_aSans Vila, Ramón, _etr. _950771 |
|
| 049 | _aBNGR | ||
| 999 |
_c24240 _d24240 |
||